Rang and Dale's pharmacology / (Record no. 17304)
[ view plain ]
| 000 -LEADER | |
|---|---|
| fixed length control field | 00725cam a22002412 4500 |
| 001 - CONTROL NUMBER | |
| control field | 0000018844 |
| 003 - CONTROL NUMBER IDENTIFIER | |
| control field | OSt |
| 005 - DATE AND TIME OF LATEST TRANSACTION | |
| control field | 20181018173430.0 |
| 008 - FIXED-LENGTH DATA ELEMENTS--GENERAL INFORMATION | |
| fixed length control field | 100808s xx 000 0 eng d |
| 020 ## - INTERNATIONAL STANDARD BOOK NUMBER | |
| International Standard Book Number | 0702053634: |
| 040 ## - CATALOGING SOURCE | |
| Original cataloging agency | KABU |
| Transcribing agency | KABU |
| 050 ## - LIBRARY OF CONGRESS CALL NUMBER | |
| Classification number | RM300 |
| Item number | .R36 2016 c. 1 |
| 245 10 - TITLE STATEMENT | |
| Title | Rang and Dale's pharmacology / |
| Statement of responsibility, etc. | Humphrey P. Rang ...[et al.] |
| 250 ## - EDITION STATEMENT | |
| Edition statement | 8th ed. |
| 260 ## - PUBLICATION, DISTRIBUTION, ETC. (IMPRINT) | |
| Place of publication, distribution, etc. | Philadelphia, PA : |
| Name of publisher, distributor, etc. | Elsevier, |
| Date of publication, distribution, etc. | 2016. |
| 300 ## - PHYSICAL DESCRIPTION | |
| Extent | xv, 759 p. |
| Other physical details | ill. |
| 650 #0 - SUBJECT ADDED ENTRY--TOPICAL TERM | |
| Topical term or geographic name as entry element | Pharmacology. |
| 650 #0 - SUBJECT ADDED ENTRY--TOPICAL TERM | |
| Topical term or geographic name as entry element | Drug therapy. |
| 700 1# - ADDED ENTRY--PERSONAL NAME | |
| Personal name | Rang, Humphrey P. ...[et al.]. |
| 908 ## - PUT COMMAND PARAMETER (RLIN) | |
| Put command parameter | 100808 |
| 942 ## - ADDED ENTRY ELEMENTS (KOHA) | |
| Source of classification or shelving scheme | Library of Congress Classification |
| Koha item type | General Collection |
| Edition | 8th |
| Classification part | RM300 |
| Item part | .R36 2016 c. 1 |
| Withdrawn status | Lost status | Source of classification or shelving scheme | Not for loan | Home library | Current library | Shelving location | Date acquired | Cost, normal purchase price | Total Checkouts | Full call number | Barcode | Date last seen | Date last checked out | Copy number | Price effective from | Koha item type |
|---|---|---|---|---|---|---|---|---|---|---|---|---|---|---|---|---|
| Library of Congress Classification | Kabarak, Main Campus | Kabarak, Main Campus | General Stacks | 18/10/2018 | 4741.38 | 9 | RM300 .R36 2016 c. 1 | 022724 | 25/02/2023 | 24/01/2023 | c. 1 | 18/10/2018 | General Collection | |||
| Library of Congress Classification | Kabarak, Main Campus | Kabarak, Main Campus | General Stacks | 18/10/2018 | 4741.38 | 4 | RM300 .R36 2016 c. 2 | 022725 | 10/12/2019 | 19/09/2019 | c. 2 | 18/10/2018 | General Collection | |||
| Library of Congress Classification | Kabarak, Main Campus | Kabarak, Main Campus | General Stacks | 18/10/2018 | 4741.38 | 9 | RM300 .R36 2016 c. 3 | 022726 | 05/08/2025 | 24/07/2025 | c. 3 | 18/10/2018 | General Collection | |||
| Library of Congress Classification | Kabarak, Main Campus | Kabarak, Main Campus | General Stacks | 18/10/2018 | 4741.38 | 6 | RM300 .R36 2016 c. 4 | 022727 | 29/11/2019 | 27/11/2019 | c. 4 | 18/10/2018 | General Collection |